Irlanda y el rey prudente / (Record n. 6586)
[ formato base ]
| 000 -LEADER | |
|---|---|
| fixed length control field | 01041nam a2200313 i 4500 |
| 003 - CONTROL NUMBER IDENTIFIER | |
| control field | IT-RoINE |
| 005 - DATE AND TIME OF LATEST TRANSACTION | |
| control field | 20230417140601.0 |
| 008 - FIXED-LENGTH DATA ELEMENTS--GENERAL INFORMATION | |
| fixed length control field | 000912m20002003sp ab r 001 | spa d |
| 020 ## - INTERNATIONAL STANDARD BOOK NUMBER | |
| International Standard Book Number | 8484830381 (o.c.) |
| 020 ## - INTERNATIONAL STANDARD BOOK NUMBER | |
| International Standard Book Number | 8487482686 (v. 1) |
| 020 ## - INTERNATIONAL STANDARD BOOK NUMBER | |
| International Standard Book Number | 8484830896 (v. 2) |
| 040 ## - CATALOGING SOURCE | |
| Original cataloging agency | CIRBIC. |
| Modifying agency | IT-RoINE |
| Transcribing agency | IT-RoINE |
| 100 10 - MAIN ENTRY--PERSONAL NAME | |
| Personal name | García Hernán, Enrique, |
| 9 (RLIN) | 7054 |
| Dates associated with a name | 1964- |
| 245 10 - TITLE STATEMENT | |
| Title | Irlanda y el rey prudente / |
| Statement of responsibility, etc | Enrique García Hernán. |
| 260 0# - PUBLICATION, DISTRIBUTION, ETC. (IMPRINT) | |
| Place of publication, distribution, etc | Madrid : |
| Name of publisher, distributor, etc | Laberinto, |
| Date of publication, distribution, etc | 2000-2003. |
| 300 ## - PHYSICAL DESCRIPTION | |
| Extent | 2 v. ; |
| Dimensions | 21 cm. |
| 336 ## - CONTENT TYPE | |
| Source | rdacontent |
| Content type term | text |
| 337 ## - MEDIA TYPE | |
| Source | rdamedia |
| Media type term | unmediated |
| 338 ## - CARRIER TYPE | |
| Source | rdacarrier |
| Carrier type term | volume |
| 490 1# - SERIES STATEMENT | |
| Series statement | Hermes ; |
| Volume number/sequential designation | 2, 26 |
| 500 ## - GENERAL NOTE | |
| General note | Basado en la tesis del autor. |
| 504 ## - BIBLIOGRAPHY, ETC. NOTE | |
| Bibliography, etc | Incluye bibliografía. |
| 600 00 - SUBJECT ADDED ENTRY--PERSONAL NAME | |
| Personal name | Felipe |
| Numeration | II, |
| Titles and other words associated with a name | Rey de España, |
| Dates associated with a name | 1527-1598 |
| 9 (RLIN) | 9965 |
| 651 #4 - SUBJECT ADDED ENTRY--GEOGRAPHIC NAME | |
| Geographic name | Irlanda |
| General subdivision | Historia |
| Chronological subdivision | Siglo 16o. |
| 9 (RLIN) | 14254 |
| 651 #4 - SUBJECT ADDED ENTRY--GEOGRAPHIC NAME | |
| Geographic name | Irlanda |
| General subdivision | Relaciones |
| Geographic subdivision | España |
| Chronological subdivision | Siglo 16o. |
| 9 (RLIN) | 14255 |
| 651 #4 - SUBJECT ADDED ENTRY--GEOGRAPHIC NAME | |
| Geographic name | España |
| General subdivision | Relaciones |
| Geographic subdivision | Irlanda |
| Chronological subdivision | Siglo 16o. |
| 9 (RLIN) | 14256 |
| 830 #0 - SERIES ADDED ENTRY--UNIFORM TITLE | |
| Uniform title | Hermes ; |
| 9 (RLIN) | 14257 |
| Volume number/sequential designation | 2, 26 |
| 942 ## - ADDED ENTRY ELEMENTS (KOHA) | |
| Item type | Monografías |
| Withdrawn status | Lost status | Damaged status | Not for loan | Home library | Current library | Date acquired | Total Checkouts | Full call number | Barcode | Date last seen | Price effective from | Koha item type | Public note |
|---|---|---|---|---|---|---|---|---|---|---|---|---|---|
| Iglesia Nacional Española en Roma | Iglesia Nacional Española en Roma | 12/11/2014 | HIS.ESP.3. 559.1 | 8087 | 12/11/2014 | 12/11/2014 | Monografías | V. I. Dedicatoria autógrafa del autor. | |||||
| Iglesia Nacional Española en Roma | Iglesia Nacional Española en Roma | 17/11/2014 | HIS.ESP.3. 559.2 | 8161 | 17/11/2014 | 17/11/2014 | Monografías | V. II. |